Algebra for College students : (Record no. 12343)
[ view plain ]
| 000 -LEADER | |
|---|---|
| fixed length control field | 00244nam a22000977a 4500 |
| 020 ## - INTERNATIONAL STANDARD BOOK NUMBER | |
| International Standard Book Number | 0534400337 |
| 050 ## - LIBRARY OF CONGRESS CALL NUMBER | |
| Classification number | QA 154 .S78 2004 |
| 100 ## - MAIN ENTRY--PERSONAL NAME | |
| Personal name | KAREN SCHWITTERS |
| 245 ## - TITLE STATEMENT | |
| Title | STUUDENTS SOLUTION MANUAL,ALGEBRA FOR COLLEGE STUDENTS |
| 942 ## - ADDED ENTRY ELEMENTS (KOHA) | |
| Source of classification or shelving scheme | Library of Congress Classification |
| Koha item type | General circulation |
| Withdrawn status | Lost status | Source of classification or shelving scheme | Damaged status | Not for loan | Home library | Current library | Shelving location | Date acquired | Source of acquisition | Total Checkouts | Full call number | Barcode | Date last seen | Price effective from | Koha item type |
|---|---|---|---|---|---|---|---|---|---|---|---|---|---|---|---|
| Library of Congress Classification | Kitui Town Campus Library | Kitui Town Campus Library | General Stacks | 01/04/2016 | Donation-Books for Africa | QA 154 .S78 2004 | 2015/009429 | 01/04/2016 | 01/04/2016 | General circulation |